Dios padre : meditaciones bíblicas /

Kaydedildi:
Detaylı Bibliyografya
Yazar: Schökel, Luis Alonso (autor)
Materyal Türü: Kitap
Dil:İspanyolca
Baskı/Yayın Bilgisi: Santander, España : Sal Terrae, 1994, c1994
Etiketler: Etiketle
Etiket eklenmemiş, İlk siz ekleyin!

MARC

LEADER 00000nam^a2200000^a^4500
001 000447653
005 20250521000000.0
009 20260310123638.714
020 |a 84-293-1124-6 
037 |a Acervo Xavier Clavigero 
041 |a ESP 
091 |a FCA. 01992 
100 |a Schökel, Luis Alonso  |e (autor) 
245 1 0 |a Dios padre :  |b meditaciones bíblicas / 
264 4 |a Santander, España :  |b Sal Terrae,  |c 1994, c1994 
300 |a 174 p. 
336 |a texto  |b txt  |2 rdacontenido 
337 |a sin mediación  |b n  |2 rdamedio 
338 |a volumen  |b nc  |2 rdasoporte 
649 |a XX 
910 |a Fondo Xavier Cacho Vázquez S.J. 
920 |a Impresos - Libros 
930 |a Fondos Especiales 
905 |a 131 
901 |a 0500374570  |b IT2  |c ESP  |i D  |u 20250521 
902 |a https://opac.biblio.iteso.mx/vufind/Record/000447653